00486nam a2200205Ia 4500001000700000003000500007008004100012010001100053040000900064082001300073100002600086245004400112260004000156300001100196440000500207500000500212503000500217650002500222650003300247Z_5028CHAP220113s1982 xx 000 0 und d a168084 cCHAP a809.4 L6 aLoret de Mola, Carlos aEl juicio /cpor Carlos Loret de Mola aMéxico, D. F. :bGrijalbo,c1982 a156 p. a a a aEnsayos políticos  aPolíticaxLiteratura I. t.